Rough Diamonds (Record no. 85089)

MARC details
000 -LEADER
fixed length control field 00710nam a22002177a 4500
003 - CONTROL NUMBER IDENTIFIER
control field URS
005 - DATE AND TIME OF LATEST TRANSACTION
control field 20250828100516.0
008 - FIXED-LENGTH DATA ELEMENTS--GENERAL INFORMATION
fixed length control field 250326b ||||| |||| 00| 0 eng d
040 ## - CATALOGING SOURCE
Transcribing agency URS
050 ## - LIBRARY OF CONGRESS CALL NUMBER
Classification number HD70.D44
Item number .P37 2013
100 ## - MAIN ENTRY--PERSONAL NAME
9 (RLIN) 11694
Personal name Park, Seung-ho
245 ## - TITLE STATEMENT
Title Rough Diamonds
Remainder of title The four traits of successful breakout firms in BRIC countries
264 ## - PRODUCTION, PUBLICATION, DISTRIBUTION, MANUFACTURE, AND COPYRIGHT NOTICE
Place of production, publication, distribution, manufacture San Francisco
Name of producer, publisher, distributor, manufacturer Jossey-Bass
Date of production, publication, distribution, manufacture, or copyright notice ©2013
336 ## - CONTENT TYPE
Source rdacontent
Content type term text
337 ## - MEDIA TYPE
Source rdamedia
Media type term unmediated
338 ## - CARRIER TYPE
Source rdacarrier
Carrier type term volume
650 #0 - SUBJECT ADDED ENTRY--TOPICAL TERM
9 (RLIN) 11695
Topical term or geographic name entry element Industrial Management
General subdivision Developing Countries.
650 #0 - SUBJECT ADDED ENTRY--TOPICAL TERM
9 (RLIN) 11696
Topical term or geographic name entry element Industries
General subdivision Developing Countries.
650 #0 - SUBJECT ADDED ENTRY--TOPICAL TERM
9 (RLIN) 11697
Topical term or geographic name entry element Industrial Policy
General subdivision Developing Countries
942 ## - ADDED ENTRY ELEMENTS (KOHA)
Source of classification or shelving scheme Library of Congress Classification
Koha item type Continuing Resources
Holdings
Withdrawn status Source of classification or shelving scheme Damaged status Not for loan Collection code Home library Current library Date acquired Total Checkouts Full call number Barcode Date last seen Price effective from Koha item type
  Library of Congress Classification     Non-fiction Morong Graduate Library Morong Graduate Library 03/26/2025   HD70.D44 .P37 2013 URSMOR-GL-5657 03/26/2025 03/26/2025 Continuing Resources

University of Rizal System
Email us at univlibservices@urs.edu.ph

Visit our Website www.urs.edu.ph/library